Biblioteca

Old Testament ethics for the people of God (Registro nro. 68682)

Detalles MARC
000 -LÍDER
Campo fijo de descripción fija 01762nam a2200349 i 4500
001 - NÚMERO DE CONTROL
Campo de control 768714001
003 - IDENTIFICADOR DEL NÚMERO DE CONTROL
Campo de control CO-MdFUSB
005 - FECHA Y HORA DE LA ULTIMA TRANSACCIÓN
control field 20240711084948.0
007 - CAMPO FIJO DE DESCRIPCIÓN FIJA--INFORMACIÓN GENERAL
Campo fijo de descripción fija ta
008 - ELEMENTOS DE LONGITUD FIJA -- INFORMACIÓN GENERAL
Campo fijo de descripción fija -- Información general 230331t2004 enk||||g |||| 00| 0 eng d
020 ## - NÚMERO INTERNACIONAL NORMALIZADO PARA LIBROS
Número Internacional Normalizado del libro 0851117848
040 ## - FUENTE DE CATALOGACIÓN
Agencia de catalogación original CO-MdFUSB
Idioma de catalogación spa
Agencia que realiza la transcripción CO-MdFUSB
Agencia que realiza la modificación CO-MdFUSBC
Convenciones de la descripción rda
041 ## - CÓDIGO DE IDIOMA
Código de idioma para texto/pista de sonido o título separado eng
082 ## - NÚMERO DE CLASIFICACIÓN DECIMAL DEWEY
Número de la edición del Dewey 23
Número de clasificación 221.04
Clave de autor-Numero de item W947o
100 ## - ASIENTO PRINCIPAL--NOMBRE PERSONAL
Nombre personal Wright, Christopher J. H.
Fechas asociadas con el nombre 1947-
Término relacionador autor
245 ## - TÍTULO
Título del Material Old Testament ethics for the people of God
Mención de responsabilidad, etc. / Christopher J. H. Wright
250 ## - MENCIÓN DE EDICIÓN
Mención de edición A fully revised, updated and integrated edition of "Living as the people of God" and "Walking in the ways of the Lord."
264 #1 - PRODUCCIÓN, PUBLICACIÓN, DISTRIBUCIÓN, MANUFACTURA, Y COPYRIGHT
Lugar de producción, publicación, distribución, manufactura Leicester, England :
Nombre del productor, publicador, distribuidor InterVarsity Press,
Fecha de producción, publicación, distribución, manufactura, o copyright [2004]
264 #4 - PRODUCCIÓN, PUBLICACIÓN, DISTRIBUCIÓN, MANUFACTURA, Y COPYRIGHT
Fecha de producción, publicación, distribución, manufactura, o copyright ©2004
300 ## - DESCRIPCIÓN FÍSICA
Extensión 520 páginas
Dimensiones ; 24 cm
336 ## - TIPO DE CONTENIDO
Fuente rdacontent
Término de tipo de contenido texto
Código de tipo de contenido txt
337 ## - TIPO DE MEDIO
Fuente rdamedia
Nombre del tipo de medio sin mediación
Código del tipo de medio n
338 ## - TIPO DE SOPORTE
Fuente rdacarrier
Nombre del tipo de soporte volumen
Código Tipo de soporte nc
504 ## - NOTA DE BIBLIOGRAFÍA, ETC.
Nota de bibliografía, etc Incluye índices y bibliografía
505 ## - NOTA DE CONTENIDO
Información miscelánea Parte uno:
Título Una estructura para la ética del Antiguo Testamento:
Nota de contenido con formato preestablecido El ángulo teológico. --El ángulo social. -- El ángulo económico.
Información miscelánea Parte dos:
Título Temas en la ética del Antiguo Testamento:
Nota de contenido con formato preestablecido Ecología y la tierra. -- Economía y los pobres. -- La tierra y la ética cristiana. -- La política y las naciones. -- Justicia y rectitud. -- El derecho y el sistema jurídico. -- Cultura y familia. -- El camino del individuo.
Información miscelánea Parte tres:
Título Estudiando la ética del Antiguo Testamento:
Nota de contenido con formato preestablecido Un estudio de enfoques históricos. -- La erudición contemporánea: un ensayo bibliográfico. -- Hermenéutica y autoridad en la ética del Antiguo Testamento.
563 ## - NOTA DE ENCUADERNACIÓN
Nota de encuadernación Tapa dura
630 07 - TITULO UNIFORME
Título uniforme Biblia.
Nombre de parte o sección de la obra Antiguo Testamento
650 #7 - ASIENTO SECUNDARIO DE MATERIA - TERMINO TEMÁTICO
9 (RLIN) 185
Término temático o nombre geográfico como elemento de entrada Ética cristiana
942 ## - TIPO DE MATERIAL (KOHA)
Tipo de Item KOHA Libros General
945 ## - INFORMACIÓN LOCAL DEL REGISTRO
Catalogador AF
Existencias
Estado de Material Estado de Perdido Forma de Clasificación Estado de Dañado No para Préstamo Colección Biblioteca de Origen Biblioteca Permanente Fecha de Adquisición Total de Préstamos Signatura Topográfica Código de Barras Última vez visto Ejemplar/Existencia Fecha de Remplazo Tipo de Material
    Dewey Decimal Classification     Colección General Biblioteca FUSBC Biblioteca FUSBC 31/03/2023   G 221.04 W947o 24159 31/03/2023 Ej. 1 31/03/2023 Libros General

Biblioteca FUSBC | Teléfono: (57+4) 349 88 10 Ext. 141| WhatsApp (+57) 3005338115 
E-mail: biblioteca@unisbc.edu.co | Calle 76 87-14 Robledo Palenque, Medellín, Colombia

Con tecnología Koha